<?xml version="1.0" encoding="UTF-8"?>
<record
    xmlns:xsi="http://www.w3.org/2001/XMLSchema-instance"
    xsi:schemaLocation="http://www.loc.gov/MARC21/slim http://www.loc.gov/standards/marcxml/schema/MARC21slim.xsd"
    xmlns="http://www.loc.gov/MARC21/slim">

  <leader>01323cam a2200277 i 4500</leader>
  <controlfield tag="003">OCoLC</controlfield>
  <controlfield tag="005">20201030152019.0</controlfield>
  <controlfield tag="008">160328t20142014ck abd grb    000 0 spa d</controlfield>
  <datafield tag="020" ind1=" " ind2=" ">
    <subfield code="a">9789588303987</subfield>
  </datafield>
  <datafield tag="040" ind1=" " ind2=" ">
    <subfield code="a">ZZAND</subfield>
    <subfield code="c">CO-JMCR</subfield>
  </datafield>
  <datafield tag="041" ind1=" " ind2=" ">
    <subfield code="a">spa</subfield>
  </datafield>
  <datafield tag="082" ind1="0" ind2="4">
    <subfield code="a">327.1 / </subfield>
    <subfield code="b">P293a</subfield>
    <subfield code="2">21</subfield>
  </datafield>
  <datafield tag="100" ind1="1" ind2=" ">
    <subfield code="a">Eduardo Pastrana Buelvas</subfield>
    <subfield code="e">editor</subfield>
    <subfield code="9">12308</subfield>
  </datafield>
  <datafield tag="245" ind1="1" ind2="0">
    <subfield code="a">Alianza del Pac&#xED;fico : </subfield>
    <subfield code="b">mitos y realidades / </subfield>
    <subfield code="c">Eduardo Pastrana Buelvas, Hubert Gehring, editores</subfield>
  </datafield>
  <datafield tag="250" ind1=" " ind2=" ">
    <subfield code="a">Primera edici&#xF3;n.</subfield>
  </datafield>
  <datafield tag="264" ind1=" " ind2="1">
    <subfield code="a">Cali : </subfield>
    <subfield code="b">Universidad Santiago de Cali, </subfield>
    <subfield code="b">Fundaci&#xF3;n Konrad Adenauer, KAS, Colombia, </subfield>
    <subfield code="c">2014.</subfield>
  </datafield>
  <datafield tag="300" ind1=" " ind2=" ">
    <subfield code="a">618 p&#xE1;ginas : </subfield>
    <subfield code="b">ilustraciones, mapas a color, gr&#xE1;ficos ;</subfield>
    <subfield code="c">24 cm. </subfield>
  </datafield>
  <datafield tag="504" ind1=" " ind2=" ">
    <subfield code="a">Incluye referencias bibliogr&#xE1;ficas.</subfield>
  </datafield>
  <datafield tag="505" ind1="0" ind2=" ">
    <subfield code="a">Enfoque te&#xF3;ricos -- Estructura institucional de alianza del pac&#xED;fico -- La alianza del pac&#xED;fico y su contexto regional -- La alianza del pac&#xED;fico frente al globo -- Desaf&#xED;os para la seguridad en la alianza del pac&#xED;fico  </subfield>
  </datafield>
  <datafield tag="650" ind1="1" ind2="4">
    <subfield code="a">Cooperaci&#xF3;n internacional</subfield>
    <subfield code="9">12309</subfield>
  </datafield>
  <datafield tag="650" ind1="2" ind2="4">
    <subfield code="a">Pol&#xED;tica exterior</subfield>
    <subfield code="z">Pac&#xED;fico (Regi&#xF3;n, Am&#xE9;rica Latina)</subfield>
    <subfield code="9">12310</subfield>
  </datafield>
  <datafield tag="650" ind1="2" ind2="4">
    <subfield code="a">Regionalismo</subfield>
    <subfield code="z">Pac&#xED;fico (Regi&#xF3;n, Am&#xE9;rica Latina)</subfield>
    <subfield code="9">12311</subfield>
  </datafield>
  <datafield tag="650" ind1="2" ind2="4">
    <subfield code="a">Integraci&#xF3;n regional</subfield>
    <subfield code="z">Pac&#xED;fico (Regi&#xF3;n, Am&#xE9;rica Latina)</subfield>
    <subfield code="9">12312</subfield>
  </datafield>
  <datafield tag="700" ind1="1" ind2=" ">
    <subfield code="a">Gehring, Hubert, </subfield>
    <subfield code="e">editor</subfield>
    <subfield code="9">4154</subfield>
  </datafield>
  <datafield tag="942" ind1=" " ind2=" ">
    <subfield code="2">ddc</subfield>
    <subfield code="c">BK</subfield>
  </datafield>
  <datafield tag="999" ind1=" " ind2=" ">
    <subfield code="c">7007</subfield>
    <subfield code="d">7007</subfield>
  </datafield>
  <datafield tag="952" ind1=" " ind2=" ">
    <subfield code="0">0</subfield>
    <subfield code="1">0</subfield>
    <subfield code="2">ddc</subfield>
    <subfield code="4">0</subfield>
    <subfield code="7">0</subfield>
    <subfield code="a">CPL</subfield>
    <subfield code="b">CPL</subfield>
    <subfield code="c">GEN</subfield>
    <subfield code="d">2018-04-15</subfield>
    <subfield code="e">Donaci&#xF3;n</subfield>
    <subfield code="l">0</subfield>
    <subfield code="o">327.1 / P293a</subfield>
    <subfield code="p">201810229</subfield>
    <subfield code="r">2024-05-16 00:00:00</subfield>
    <subfield code="t">Ej.1</subfield>
    <subfield code="w">2018-04-15</subfield>
    <subfield code="y">BK</subfield>
  </datafield>
</record>
